书目信息 |
| 题名: |
企业领导制度研究
|
|
| 作者: | 马泉山 | |
| 分册: | ||
| 出版信息: | 北京 经济科学出版社 1985.02 |
|
| 页数: | 280页 | |
| 开本: | 19cm | |
| 丛书名: | ||
| 单 册: | ||
| 中图分类: | F4 | |
| 科图分类: | ||
| 主题词: | 工业经济 , 国际贸易 | |
| 电子资源: | ||
| ISBN: | ||
| 000 | 00553nam0 2200217 45 | |
| 001 | 0308271071 | |
| 005 | 20030827104347.1 | |
| 010 | @dRMB1.75 | |
| 091 | @a4312.63 | |
| 100 | @a20030827d1985 km y0chiy0120 ea | |
| 101 | @achi | |
| 105 | @a z 000yy | |
| 200 | 1 | @a企业领导制度研究@Aqi ye ling dao zhi du yan jiu@f马泉山@Fma quan shan |
| 210 | @a北京@c经济科学出版社@d1985.02 | |
| 215 | @a280页@c无图表@d19cm | |
| 606 | 0 | @a工业经济 |
| 606 | 0 | @a国际贸易 |
| 690 | @aF4@v3 | |
| 701 | 0 | @a马泉山 |
| 801 | @aCN@b@c20030827 | |
| 905 | @aBZT@dF4@e11 | |
| 企业领导制度研究/马泉山.-北京:经济科学出版社,1985.02 |
| 280页:无图表;19cm |
| ISBN :RMB1.75 |
| ● |
| 相关链接 |
|
|
|
正题名:企业领导制度研究
索取号:F4/11
 
预约/预借
| 序号 | 登录号 | 条形码 | 馆藏地/架位号 | 状态 | 备注 |
| 1 | 4489 | 200512427 | 中心书库北库/ 北库017架A面2列4层15/ [索取号:F4/11] | 在馆 | |
| 2 | 4490 | 200512454 | 中心书库北库/ 北库017架A面2列4层51/ [索取号:F4/11] | 在馆 |